Online Catalogue and eLibrary

The orphan (Record no. 4420)

MARC details
000 -LEADER
fixed length control field 00393nam a2200169Ia 4500
005 - DATE AND TIME OF LATEST TRANSACTION
control field 20240930023140.0
008 - FIXED-LENGTH DATA ELEMENTS--GENERAL INFORMATION
fixed length control field 240331s9999 xx 000 0 und d
020 ## - INTERNATIONAL STANDARD BOOK NUMBER
ISBN 9556101322
082 ## - DDC Classification
Item Number - Author Mark DIA
Class No. 808
100 ## - MAIN ENTRY--PERSONAL NAME
Personal name Dias, R
245 #4 - TITLE STATEMENT
Title The orphan
260 ## - PUBLICATION, DISTRIBUTION, ETC.
Place of publication, distribution, etc. Padukka
Name of publisher, distributor, etc. State printing corporation
Date of publication, distribution, etc. 1999
300 ## - PHYSICAL DESCRIPTION
Extent (e.g. Volumes, Pages etc.) iii, 65 p .,
650 ## - SUBJECT ADDED ENTRY--TOPICAL TERM
Topical term or geographic name entry element culture
650 ## - SUBJECT ADDED ENTRY--TOPICAL TERM
Topical term or geographic name entry element Education
942 ## - Koha item type (Biblio)
Koha item type Books in Stacks (Lending)
Holdings
Lost status Damaged status Collection code Home library Current library Shelving location Date acquired Full call number Accession Number Item type
    Lending WERC Library WERC Library Social Science Cupboard 03/31/2024 808.31 DIA 5900 Books in Stacks (Lending)

© WERC Library